Smluvní pokuta - málo využívaná možnost zajištění závazku.

Výklad jedného z prostriedkov zabezpečenia splnenia záväzkov a to zmluvnej pokuty. Rozdiel zmluvnej pokuty od predtým používanej majetkovej sankcie (penále). Právna úprava zmluvnej pokuty.

Salvato in:
Dettagli Bibliografici
Autore principale: Odstrčilová, L.
Natura: Capitolo di libro
Lingua:ceco
Soggetti:
Tags: Aggiungi Tag
Nessun Tag, puoi essere il primo ad aggiungerne!!

MARC

LEADER 00000naa a2200000 4500
001 r011136
005 20220831084125.6
041 0 |a cze 
044 |a [CS] 
245 1 0 |a Smluvní pokuta - málo využívaná možnost zajištění závazku.  |c L. Odstrčilová 
520 |a Výklad jedného z prostriedkov zabezpečenia splnenia záväzkov a to zmluvnej pokuty. Rozdiel zmluvnej pokuty od predtým používanej majetkovej sankcie (penále). Právna úprava zmluvnej pokuty. 
610 2 0 |a penále 
610 2 0 |a zaistenie 
610 2 0 |a pokuty 
610 2 0 |a sankcie majetkové 
610 2 0 |a predpisy právne 
610 2 0 |a ČSFR 
100 1 |a Odstrčilová, L.